| 000 | 00461cam a2200193 4500 | ||
|---|---|---|---|
| 001 | D859 | ||
| 008 | 090401t1978 xxu||||| |||| 00| 0 eng d | ||
| 035 | _a(Sirsi) u48525 | ||
| 041 | _aeng | ||
| 050 | _a333.337 | ||
| 100 | _aAldridge, Trevor M. | ||
| 245 | _aManaging business property: a legal handbook | ||
| 260 |
_aLondon _bOyez _c1978 |
||
| 300 | _aix. 177p. 24cm | ||
| 350 | _a12.5 | ||
| 700 | _aJohnson, Tony A | ||
| 942 | _n0 | ||
| 948 | _c04/03/1997 | ||
| 999 |
_c92357 _d92357 |
||